000 00307nam a22001217a 4500
082 _a669 GRE'P
100 _aWRIGHTON, HAROLD,GREAVES, RICHARD HENRY
_958372
245 _aPRACTICAL MICROSCOPICAL METALLOGRAPHY
250 _a4TH
260 _aLONDON
_bCHAPMAN & HARPER
_c1960
300 _a221P
942 _cBK
999 _c568568
_d568568